| 000 | 00716nam a22002057a 4500 | ||
|---|---|---|---|
| 999 |
_c19355 _d19355 |
||
| 003 | AR-CdUCM | ||
| 008 | 190517b ||||| |||| 00| 0 spa d | ||
| 040 |
_aMUNICIPALIDAD PROVINCIAL DEL CUSCO _cBIBLIOTECA MUNICIPAL DEL CUSCO |
||
| 082 |
_a330.946 / _bB23 |
||
| 100 |
_aBarcelo, José Luis _940646 |
||
| 245 | _aHistoria económica de España / | ||
| 260 |
_aMadrid : _bAfrodicio aguado, _c1952. |
||
| 300 |
_a377 páginas ; _c20 cm. |
||
| 505 | _aContenido: La economía en la prehistoria -- La economía en la protohistoria -- La economía en la España Romana ... | ||
| 650 |
_aEconomía _9382 |
||
| 650 |
_aHistoria _9136 |
||
| 650 |
_aAntigüedad _939821 |
||
| 942 |
_2ddc _cLIBROS |
||
| 945 |
_arah _d2019-05-17 |
||